| 000 | 00474nam a2200157 i 4500 | ||
|---|---|---|---|
| 001 | 37942 | ||
| 003 | ES-MaACL | ||
| 005 | 20230906155653.0 | ||
| 007 | t| | ||
| 008 | 030224s1969 sp ||||1| spa d | ||
| 100 | 1 |
_aBurgos Martínez, Antonio. _932667 |
|
| 245 | 1 | 0 |
_aRacimo de rosas / _cAntonio Burgos Martínez, Yaroski [seud.]. |
| 260 |
_aBurgos : _b[s.n., _c1969] ( _fTall. Gráf. Diario de Burgos) |
||
| 300 |
_a58 p. ; _c18 cm. |
||
| 852 |
_aES-MaACL _j2071-F-2 _bR.69801 |
||
| 999 |
_c37942 _d37942 |
||